000 00206 a2200097 4500
001 7158
100 _aDalton, H
245 _aPrinciples of public finance
260 _a
_bRoutledge
_c
090 _c5927
_d5927
942 _aNUST-CAE
_cM
_c32408
999 _c242231
_d242231